Loading...

Sree sree maharanji pradhubhavi /

Bibliographic Details
Format: Printed Book
Language:English
Published: 1981.
LEADER 00292nam a2200097Ia 4500
008 150624b xxu||||| |||| 00| 0 eng d
245 |a Sree sree maharanji pradhubhavi / 
260 |c 1981. 
942 |c BK  |n 1 
999 |c 63520  |d 63520 
952 |0 0  |1 0  |2 ddc  |4 0  |7 0  |9 63497  |a UL  |b UL  |c TIT  |d 2012-10-27  |l 0  |p G2432  |r 2012-10-27  |y BK